Countries by download speed - Statistics

General Stats
  • This quiz has been taken 325 times
  • The average score is 15 of 23
Answer Stats
Download speed Country % Correct
29.52 Mbps United States
96%
33.26 Mbps Norway
83%
47.45 Mbps Sweden
83%
32.04 Mbps Finland
81%
31.30 Mbps France
80%
55.64 Mbps South Korea
77%
39.87 Mbps Denmark
75%
44.36 Mbps Switzerland
75%
44.89 Mbps Netherlands
73%
34.22 Mbps Belgium
71%
37.22 Mbps Iceland
65%
33.33 Mbps Luxembourg
65%
79.08 Mbps Singapore
63%
30.92 Mbps Estonia
62%
38.99 Mbps Latvia
59%
46.65 Mbps Lithuania
59%
39.72 Mbps Taiwan
59%
32.74 Mbps Hungary
49%
29.59 Mbps Czech Republic
47%
55.71 Mbps Romania
45%
43.31 Mbps Andorra
44%
34.88 Mbps Bulgaria
38%
38.05 Mbps Moldova
24%
No matching quizzes found
Score Distribution
Percent of People with Each Score
Percentile by Number Answered
Your Score History
You have not taken this quiz